| 000 | 00850nam a2200253Ia 4500 | ||
|---|---|---|---|
| 005 | 20251020182458.0 | ||
| 008 | 200515s9999 xx 000 0 und d | ||
| 082 | _a624.131+624.154/C22 | ||
| 100 | _aCambefort, Henri | ||
| 245 | 0 | _aReconocimiento de suelos y cimentaciones especiales | |
| 250 | _a1a ed. | ||
| 260 | _aBarcelona | ||
| 260 | _bOMEGA | ||
| 260 | _c1967 | ||
| 300 | _a263 p. | ||
| 300 | _bil., tbl., graf. | ||
| 500 | _a1 ejemplar. | ||
| 520 | _aLa cimentación de una obra, por poco importante que sea, no se hace sin estudiar previamente y con detención el subsuelo. En cuanto a las cimentaciones especiales casi siempre excepcionales, pueden ser variadísimas: pilotes moldeados en el suelo, inyeccio | ||
| 650 | _aCIMENTACIONES | ||
| 650 | _aESTUDIO DE SUELOS | ||
| 650 | _aSUELOS | ||
| 942 | _cLIB | ||
| 999 |
_c1063 _d1063 |
||